It Ends With Us Characters - Sudden Death - Statistics

General Stats
  • This quiz has been taken 50 times
  • The average score is 7 of 10
Answers on the Grid
Answers color-coded by a green-red scale on the quiz's grid according to % correct below.
Ryle Kincaid
Lily Bloom
Isobel Adams
Alyssa Kincaid
Marshall
Atlas Corrigan
Christina Edwards
Adam Rewell
Emmy Kincaid
Rylee
Jenny Bloom
Andrew Bloom
Plethora Ramirez
Lucy
Janine Teagues
 
Answer Stats
Answer % Correct
Jenny Bloom
82%
Lily Bloom
82%
Ryle Kincaid
82%
Alyssa Kincaid
79%
Atlas Corrigan
79%
Andrew Bloom
77%
Emmy Kincaid
72%
Marshall
69%
Rylee
51%
Lucy
41%
No matching quizzes found
Score Distribution
Percent of People with Each Score
Percentile by Number Answered
Your Score History
You have not taken this quiz